<?xml version="1.0" encoding="UTF-8"?>
<record
    xmlns:xsi="http://www.w3.org/2001/XMLSchema-instance"
    xsi:schemaLocation="http://www.loc.gov/MARC21/slim http://www.loc.gov/standards/marcxml/schema/MARC21slim.xsd"
    xmlns="http://www.loc.gov/MARC21/slim">

  <leader>00807nam a22001577a 4500</leader>
  <controlfield tag="003">OSt</controlfield>
  <controlfield tag="005">20151024135716.0</controlfield>
  <controlfield tag="008">151024b        xxu||||| |||| 00| 0 eng d</controlfield>
  <datafield tag="040" ind1=" " ind2=" ">
    <subfield code="c">RUA </subfield>
  </datafield>
  <datafield tag="082" ind1=" " ind2=" ">
    <subfield code="a">AVM UY 2012 B101 Or.1</subfield>
  </datafield>
  <datafield tag="100" ind1=" " ind2=" ">
    <subfield code="9">2782</subfield>
    <subfield code="a">UY HANN</subfield>
  </datafield>
  <datafield tag="245" ind1=" " ind2=" ">
    <subfield code="a">Effectof antibiotics to treatment in breastfeed stage at mok sameoun farm at posenjey district, phnom penh, (&#x1794;&#x17D2;&#x179A;&#x179F;&#x17B7;&#x1791;&#x17D2;&#x1792;&#x1797;&#x17B6;&#x1796;&#x1793;&#x17C3; Antibiotics &#x179F;&#x1798;&#x17D2;&#x179A;&#x17B6;&#x1794;&#x17CB;&#x1796;&#x17D2;&#x1799;&#x17B6;&#x1794;&#x17B6;&#x179B;&#x1787;&#x17C6;&#x1784;&#x17BA;&#x179A;&#x17B6;&#x1780;&#x1780;&#x17BC;&#x1793;&#x1787;&#x17D2;&#x179A;&#x17BC;&#x1780;&#x1780;&#x17D2;&#x1793;&#x17BB;&#x1784;&#x17A2;&#x17C6;&#x17A1;&#x17BB;&#x1784;&#x1796;&#x17C1;&#x179B;&#x1794;&#x17C5;&#x178A;&#x17C4;&#x17C7;&#x1793;&#x17C5;&#x1780;&#x179F;&#x17B7;&#x178A;&#x17D2;&#x178B;&#x17B6; &#x1798;&#x17C9;&#x1780;&#x17CB; &#x179F;&#x17C6;&#x17A2;&#x17BF;&#x1793; &#x1793;&#x17C5;&#x1781;&#x178E;&#x17D2;&#x178C;&#x1796;&#x17C4;&#x179F;&#x17C2;&#x1793;&#x1787;&#x17D0;&#x1799; &#x179A;&#x17B6;&#x1787;&#x1792;&#x17B6;&#x1793;&#x17B8;&#x1797;&#x17D2;&#x1793;&#x17C6;&#x1796;&#x17C1;&#x1789;)</subfield>
  </datafield>
  <datafield tag="260" ind1=" " ind2=" ">
    <subfield code="a">Phnom Penh </subfield>
    <subfield code="b">Rua </subfield>
    <subfield code="c">2012</subfield>
  </datafield>
  <datafield tag="300" ind1=" " ind2=" ">
    <subfield code="a">viii; 37p.</subfield>
    <subfield code="b">ill.</subfield>
    <subfield code="c">29cm.</subfield>
  </datafield>
  <datafield tag="942" ind1=" " ind2=" ">
    <subfield code="2">ddc</subfield>
    <subfield code="c">AVM</subfield>
  </datafield>
  <datafield tag="999" ind1=" " ind2=" ">
    <subfield code="c">2602</subfield>
    <subfield code="d">2602</subfield>
  </datafield>
  <datafield tag="952" ind1=" " ind2=" ">
    <subfield code="0">0</subfield>
    <subfield code="1">0</subfield>
    <subfield code="2">ddc</subfield>
    <subfield code="4">0</subfield>
    <subfield code="6">AVM_UY_2012_000000000000000_B101_OR_1</subfield>
    <subfield code="7">0</subfield>
    <subfield code="9">12091</subfield>
    <subfield code="a">LBB</subfield>
    <subfield code="b">LBB</subfield>
    <subfield code="c">B101</subfield>
    <subfield code="d">2015-10-24</subfield>
    <subfield code="l">1</subfield>
    <subfield code="o">AVM UY 2012 B101 Or.1</subfield>
    <subfield code="p">RUA015273</subfield>
    <subfield code="r">2023-03-17</subfield>
    <subfield code="s">2023-02-24</subfield>
    <subfield code="w">2015-10-24</subfield>
    <subfield code="y">AVM</subfield>
  </datafield>
  <datafield tag="952" ind1=" " ind2=" ">
    <subfield code="0">0</subfield>
    <subfield code="1">0</subfield>
    <subfield code="2">ddc</subfield>
    <subfield code="4">0</subfield>
    <subfield code="6">AVM_UY_2012_000000000000000_B101_OR_2</subfield>
    <subfield code="7">0</subfield>
    <subfield code="9">12092</subfield>
    <subfield code="a">LBB</subfield>
    <subfield code="b">LBB</subfield>
    <subfield code="c">B101</subfield>
    <subfield code="d">2015-10-24</subfield>
    <subfield code="o">AVM UY 2012 B101 Or.2</subfield>
    <subfield code="p">RUA009171</subfield>
    <subfield code="r">2015-10-24</subfield>
    <subfield code="w">2015-10-24</subfield>
    <subfield code="y">AVM</subfield>
  </datafield>
  <datafield tag="952" ind1=" " ind2=" ">
    <subfield code="0">0</subfield>
    <subfield code="1">0</subfield>
    <subfield code="2">ddc</subfield>
    <subfield code="4">0</subfield>
    <subfield code="6">AVM_UY_2012_000000000000000_B101_OR_3</subfield>
    <subfield code="7">0</subfield>
    <subfield code="9">12093</subfield>
    <subfield code="a">LBB</subfield>
    <subfield code="b">LBB</subfield>
    <subfield code="c">B101</subfield>
    <subfield code="d">2015-10-24</subfield>
    <subfield code="l">1</subfield>
    <subfield code="m">2</subfield>
    <subfield code="o">AVM UY 2012 B101 Or.3</subfield>
    <subfield code="p">RUA009164</subfield>
    <subfield code="r">2016-06-24</subfield>
    <subfield code="s">2016-04-23</subfield>
    <subfield code="w">2015-10-24</subfield>
    <subfield code="y">AVM</subfield>
  </datafield>
  <datafield tag="952" ind1=" " ind2=" ">
    <subfield code="0">0</subfield>
    <subfield code="1">0</subfield>
    <subfield code="2">ddc</subfield>
    <subfield code="4">0</subfield>
    <subfield code="6">AVM_UY_2012_000000000000000_B101_OR_4</subfield>
    <subfield code="7">0</subfield>
    <subfield code="9">12094</subfield>
    <subfield code="a">LBB</subfield>
    <subfield code="b">LBB</subfield>
    <subfield code="c">B101</subfield>
    <subfield code="d">2015-10-24</subfield>
    <subfield code="l">1</subfield>
    <subfield code="o">AVM UY 2012 B101 Or.4</subfield>
    <subfield code="p">RUA009021</subfield>
    <subfield code="r">2016-08-08</subfield>
    <subfield code="s">2016-08-03</subfield>
    <subfield code="w">2015-10-24</subfield>
    <subfield code="y">AVM</subfield>
  </datafield>
  <datafield tag="952" ind1=" " ind2=" ">
    <subfield code="0">0</subfield>
    <subfield code="1">0</subfield>
    <subfield code="2">ddc</subfield>
    <subfield code="4">0</subfield>
    <subfield code="6">AVM_UY_2012_000000000000000_B101_OR_5</subfield>
    <subfield code="7">0</subfield>
    <subfield code="9">12095</subfield>
    <subfield code="a">LBB</subfield>
    <subfield code="b">LBB</subfield>
    <subfield code="c">B101</subfield>
    <subfield code="d">2015-10-24</subfield>
    <subfield code="o">AVM UY 2012 B101 Or.5</subfield>
    <subfield code="p">RUA018033</subfield>
    <subfield code="r">2015-10-24</subfield>
    <subfield code="w">2015-10-24</subfield>
    <subfield code="y">AVM</subfield>
  </datafield>
  <datafield tag="952" ind1=" " ind2=" ">
    <subfield code="0">0</subfield>
    <subfield code="1">0</subfield>
    <subfield code="2">ddc</subfield>
    <subfield code="4">0</subfield>
    <subfield code="6">AVM_UY_2012_000000000000000_B101_OR_6</subfield>
    <subfield code="7">0</subfield>
    <subfield code="9">12096</subfield>
    <subfield code="a">LBB</subfield>
    <subfield code="b">LBB</subfield>
    <subfield code="c">B101</subfield>
    <subfield code="d">2015-10-24</subfield>
    <subfield code="o">AVM UY 2012 B101 Or.6</subfield>
    <subfield code="p">RUA019354</subfield>
    <subfield code="r">2015-10-24</subfield>
    <subfield code="w">2015-10-24</subfield>
    <subfield code="y">AVM</subfield>
  </datafield>
  <datafield tag="952" ind1=" " ind2=" ">
    <subfield code="0">0</subfield>
    <subfield code="1">0</subfield>
    <subfield code="2">ddc</subfield>
    <subfield code="4">0</subfield>
    <subfield code="6">AVM_UY_2012_000000000000000_B101_OR_7</subfield>
    <subfield code="7">0</subfield>
    <subfield code="9">12097</subfield>
    <subfield code="a">LBB</subfield>
    <subfield code="b">LBB</subfield>
    <subfield code="c">B101</subfield>
    <subfield code="d">2015-10-24</subfield>
    <subfield code="o">AVM UY 2012 B101 Or.7</subfield>
    <subfield code="p">RUA019157</subfield>
    <subfield code="r">2015-10-24</subfield>
    <subfield code="w">2015-10-24</subfield>
    <subfield code="y">AVM</subfield>
  </datafield>
  <datafield tag="952" ind1=" " ind2=" ">
    <subfield code="0">0</subfield>
    <subfield code="1">0</subfield>
    <subfield code="2">ddc</subfield>
    <subfield code="4">0</subfield>
    <subfield code="6">AVM_UY_2012_000000000000000_B101_OR_8</subfield>
    <subfield code="7">0</subfield>
    <subfield code="9">37068</subfield>
    <subfield code="a">LBB</subfield>
    <subfield code="b">LBB</subfield>
    <subfield code="c">B101</subfield>
    <subfield code="d">2016-02-04</subfield>
    <subfield code="o">AVM UY 2012 B101 Or.8</subfield>
    <subfield code="p">RUA050966</subfield>
    <subfield code="r">2016-02-04</subfield>
    <subfield code="w">2016-02-04</subfield>
    <subfield code="y">AVM</subfield>
  </datafield>
</record>
